Normal view
MARC view
- الفن الاوروبي - قرن 19-الفن الاوروبي - قرن 20
Entry Topical Term
001 - CONTROL NUMBER
- control field: 10327
003 - CONTROL NUMBER IDENTIFIER
- control field: JO-AjAnu
005 - DATE AND TIME OF LATEST TRANSACTION
- control field: 20230606071947.0
008 - FIXED-LENGTH DATA ELEMENTS
- fixed length control field: 230606|| aca||aabn | a|a d
040 ## - CATALOGING SOURCE
- Original cataloging agency: JO-AjAnu
- Transcribing agency: JO-AjAnu
150 ## - HEADING--TOPICAL TERM
- Topical term or geographic name entry element: الفن الاوروبي - قرن 19-الفن الاوروبي - قرن 20
670 ## - SOURCE DATA FOUND
- Source citation: Work cat.: (JO-AjAnu)5318: باونيس،الان تأليف/خليل،فخري مترجم/جبرا ،ابراهيم جبرا مراجع , author 10326, الفن الاوروبي الحديث